00469nam a2200157Ia 45000010006000000050017000060080041000230410008000640820016000721000040000882450130001282600009002583000028002676500008002956540008003031597620260306170235.0260306t2014||||xx |||||||||||||| ||und|| aESP a346.52bA61 aÁngel Yágüez, Ricardo deeAUT 0aCausalidad en la responsabilidad extracontractual:bsobre el arbitrio judicial, la imputación objetiva y los otros extremos c2014 a294 páginas :c21 cm. aGEN aCDE